Krásné zelené oči /

Příběh patnáctileté židovské dívky, která se stane vojenskou prostitutkou, aby přežila holocaust.

Uloženo v:
Hlavní autor: Lustig, Arnošt, 1926-2011 (Autor)
Médium: E-kniha
Jazyk:Czech
Vydáno: Praha : Městská knihovna v Praze, 2026
Vydání:V MKP 1. elektronické vydání
Témata:
On-line přístup:Odkaz na plný text
Plný text
Plný text
Plný text
Obálka
Tagy:
Žádné tagy
LEADER 03067nam a2200553 i 4500
001 5221980
003 CZ-PrMKP
005 20260422124754.4
007 ta
008 260323s2026----xr-----go-----000-f-cze--
020 |a 978-80-274-4972-9  |q (online ;  |q pdf) 
020 |a 978-80-274-4971-2  |q (online ;  |q epub) 
020 |a 978-80-274-4973-6  |q (online ;  |q prc) 
040 |a ABG001  |b cze  |e rda 
043 |a e------ 
045 |a x3x4 
072 7 |a 821.162.3-3  |x Česká próza  |2 Konspekt  |9 25 
080 |a 821.162.3-31  |2 MRF 
080 |a (=411.16)  |2 MRF 
080 |a 323.28  |2 MRF 
080 |a 323.12"1939/1945"  |2 MRF 
080 |a (4)  |2 MRF 
080 |a (0:82-31)  |2 MRF 
100 1 |a Lustig, Arnošt,  |d 1926-2011  |7 jk01072683  |4 aut 
245 1 0 |a Krásné zelené oči /  |c Arnošt Lustig 
250 |a V MKP 1. elektronické vydání 
264 1 |a Praha :  |b Městská knihovna v Praze,  |c 2026 
300 |a 1 online zdroj (503 stran) ; 
336 |a text  |b txt  |2 rdacontent 
337 |a počítač  |b c  |2 rdamedia 
338 |a online zdroj  |b cr  |2 rdacarrier 
500 |a Jubilejní edice k 100. výročí narození Arnošta Lustiga 
520 2 |a Příběh patnáctileté židovské dívky, která se stane vojenskou prostitutkou, aby přežila holocaust.  |b Román o zelenooké židovské dívce Hance Kaudersové, která dala přednost polnímu bordelu před plynovou komorou, je svědectvím o lidskosti uprostřed nelidského světa. Dívka se vydává za českou árijku, v bordelu je konfrontována s jedním "zlým" a jedním "hodným" Němcem, a s řadou běžných zákazníků z řad vojáků. Přežije a po válce se snaží své hrůzné zážitky sdělit rabínovi, aby vůbec byla schopna znovu žít. Edice Lustigových děl v elektronické podobě vznikla ve spolupráci s Prahou městem literatury v rámci projektu Nadačního fondu Arnošta Lustiga s názvem FestivAL100, jímž se oslavilo 100. výročí spisovatelova narození. Ke zpracování bylo zvoleno vždy poslední knižní vydání za autorova života, kde provedl definitivní úpravy textu. 
648 7 |a 1939-1945  |7 ch460653  |2 czenas 
650 0 7 |a Židé  |7 ph127782  |z Evropa  |y 1939-1945  |2 czenas 
650 0 7 |a Židé  |7 ph127782  |x perzekuce  |y 1939-1945  |2 czenas 
650 0 7 |a holocaust (1939-1945)  |7 ph117203  |2 czenas 
650 0 9 |a Jews  |z Europe  |y 1939-1945  |2 eczenas 
650 0 9 |a Jews  |x persecutions  |y 1939-1945  |2 eczenas 
650 0 9 |a holocaust, 1939-1945  |2 eczenas 
655 7 |a české romány  |7 fd133974  |2 czenas 
655 9 |a Czech fiction  |2 eczenas 
710 2 |a Městská knihovna (Praha, Česko)  |7 kn20010709068  |4 pbl 
856 4 1 |u http://search.mlp.cz/searchMKP.jsp?action=sTitul&key=5221980  |y Odkaz na plný text 
856 4 1 |q epub  |u https://web2.mlp.cz/koweb/00/05/22/19/80/krasne_zelene_oci.epub  |y Plný text 
856 4 1 |q pdf  |u https://web2.mlp.cz/koweb/00/05/22/19/80/krasne_zelene_oci.pdf  |y Plný text 
856 4 1 |q prc  |u https://web2.mlp.cz/koweb/00/05/22/19/80/krasne_zelene_oci.prc  |y Plný text 
856 4 1 |u https://web2.mlp.cz/koweb/00/05/22/19/80.jpg  |y Obálka 
910 |a ABG001